| 000 | 01057nam a2200301 4500 | ||
|---|---|---|---|
| 001 | 0000016595 | ||
| 003 | CO-CtgCURN | ||
| 005 | 20250329174153.0 | ||
| 007 | ta | ||
| 008 | 160627s1991 000 0 eng d | ||
| 020 | _a9589038336 | ||
| 040 |
_aCO-CtgCURN _bspa _ccoctgcurn |
||
| 082 | 0 |
_a028 _bP12c |
|
| 100 | 1 | _aPachon F., Luis E. | |
| 245 | 1 | 0 |
_aComo leer un Libro : _bpara comprender, recordar y disfrutar sus lecturas / _cLuis E. Pachon F. |
| 250 | _a5a ed. | ||
| 260 |
_aBogotá : _bEdiciones Semper, _c1991. |
||
| 300 | _a128 p. | ||
| 336 | _2rdacontent | ||
| 337 |
_2rdamedia _asin mediacion _bn |
||
| 338 |
_2rdacarrier _avolumen _bnc |
||
| 504 | _aBibliografia (p. 127) | ||
| 505 | 8 | _aPara una lectura dinamica.--Como leer un libro tecnico.--Como leer un capitulo.--Como leer un parrafo.--Metodo de estudio.--Como leer un libro recreativo.--Señalizacion del libro | |
| 650 | 1 | 4 | _aComprension de lectura. |
| 908 | _a160627 | ||
| 942 |
_cBK _h028 _iP12c _2ddc |
||
| 999 |
_c8512 _d8512 |
||